000
00229nam a2200109Ia 4500
100
_a
Aggarwal/R.S
942
_c
BK
245
_a
Advanced objective general knowledge
260
_b
S.Chand
_c
2017
546
_a
ENGLISH
999
_c
32146
_d
32146